<?xml version="1.0" encoding="UTF-8"?>
<marc:record xmlns:marc="http://www.loc.gov/MARC21/slim">
   <marc:leader>00000nam a2200000 a 4500</marc:leader>
   <marc:datafield ind1="1" ind2=" " tag="100">
      <marc:subfield code="a">Black, Holly</marc:subfield>
      <marc:subfield code="4">aut</marc:subfield>
      <marc:subfield code="e">Verfasser/-in</marc:subfield>
   </marc:datafield>
   <marc:datafield ind1="0" ind2="0" tag="245">
      <marc:subfield code="a">Magisterium</marc:subfield>
   </marc:datafield>
   <marc:datafield ind1="0" ind2="0" tag="245">
      <marc:subfield code="b">der Weg ins Labyrinth</marc:subfield>
   </marc:datafield>
   <marc:datafield ind1=" " ind2="1" tag="264">
      <marc:subfield code="b">Bastei Lübbe</marc:subfield>
      <marc:subfield code="c">2014</marc:subfield>
   </marc:datafield>
   <marc:datafield ind1="1" ind2=" " tag="490">
      <marc:subfield code="a">Magisterium</marc:subfield>
   </marc:datafield>
   <marc:datafield ind1="1" ind2=" " tag="520">
      <marc:subfield code="a">Holly Black wurde durch ihre Fantasy-Reihe "Die Spiderwick-Geheimnisse" bekannt, aus der Feder von Cassandra Clare stammen die "Chroniken der Unterwelt" und gemeinsam haben sie Callum Hunt erschaffen, Ähnlichkeiten mit Harry Potter sind nicht rein zufällig. Callum ist Halbwaise, seine Mutter starb kurz nach seiner Geburt. Sein Vater hat daraufhin der Magie abgeschworen und tut alles, um auch Callum davon fernzuhalten. Als Callum zu Aufnahmeprüfungen an der unterirdischen Zauberschule eingeladen wird, versucht er so schlecht wie möglich abzuschneiden. Er wird dennoch ein Schüler im Magisterium, schliesst Freundschaft mit seinen beiden Mitbewohnern Tamara und Aaron und lernt unter der strengen Aufsicht von Master Rufus, dem mächtigsten Zauberer der Schule, erste Grundkenntnisse. Aber auch auf Callum wartet eine besondere Aufgabe. Die unerwartete Wendung der neuen Serie haben sich die beiden Autorinnen bis zum Ende des 1. Bandes aufgehoben. Zunächst gilt es eine magische, grausame Welt kennenzulernen, durchaus originell. Gern zur Fortsetzung empfohlen. Ab 12</marc:subfield>
   </marc:datafield>
   <marc:datafield ind1=" " ind2=" " tag="020">
      <marc:subfield code="a">9783846600047</marc:subfield>
      <marc:subfield code="9">9783846600047</marc:subfield>
   </marc:datafield>
</marc:record>
